书目信息 |
| 题名: |
外国水彩画选
|
|
| 作者: | 唐莘 选编 ;贺起 译 | |
| 分册: | ||
| 出版信息: | 杭州 浙江人民美术出版社 1983 |
|
| 页数: | 119页 | |
| 开本: | 22cm | |
| 丛书名: | ||
| 单 册: | ||
| 中图分类: | J235 | |
| 科图分类: | ||
| 主题词: | 水彩画--外国--画册 | |
| 电子资源: | ||
| ISBN: | ||
| 000 | 00630nam0 2200241 45 | |
| 001 | 0183003623 | |
| 005 | 20061116100518.68 | |
| 010 | @dCNY3.40 | |
| 091 | @aCN@b8156.288 | |
| 100 | @a19950930d1983 em y0chiy0121 ea | |
| 101 | 1 | @achi |
| 102 | @aCN@b330000 | |
| 105 | @aa z 000yy | |
| 200 | 10 | @a外国水彩画选@Awai guo shui cai hua xuan@f唐莘选编@g贺起译 |
| 210 | @a杭州@c浙江人民美术出版社@d1983 | |
| 215 | @a119页@d22cm | |
| 606 | @a水彩画@y外国@x画册 | |
| 690 | @aJ235@v3 | |
| 701 | 0 | @a唐莘@Atang xin@4选编 |
| 702 | 0 | @a贺起@Ahe qi@4译 |
| 801 | 2 | @aCN@bNLC@c20061116 |
| 801 | 0 | @aCN@bTSSF |
| 905 | @a10447@dJ235@e27 | |
| 外国水彩画选/唐莘选编/贺起译.-杭州:浙江人民美术出版社,1983 |
| 119页;22cm |
| ISBN :CNY3.40 |
| ● |
| 相关链接 |
|
|
|
|
正题名:外国水彩画选
索取号:J235/27
 
预约/预借
| 序号 | 登录号 | 条形码 | 馆藏地/架位号 | 状态 | 备注 |
| 1 | 0208664 | 202112445 | 第一样本阅览室/ [索取号:J235/27] | 在馆 |